Catàleg del Col·legi de Periodistes de Catalunya

Voces y culturas (Registre núm. 4991)

000 -CABECERA
Longitud fija campo de control 00474nas a2200169 a 4500
001 - NÚMERO DE CONTROL
Número de control 4991
003 - IDENTIFICADOR DEL NÚMERO DE CONTROL
Identificador del número de control CDMR
005 - FECHA Y HORA DE LA ÚLTIMA TRANSACCIÓN
Fecha y hora de la última transacción 20151125121308.0
008 - CÓDIGOS DE INFORMACIÓN DE LONGITUD FIJA
Códigos de información de longitud fija 130130d19902003sp ||||||||||||||||spa|d
022 ## - NÚMERO INTERNACIONAL NORMALIZADO PARA PUBLICACIONES SERIADAS
Número Internacional Normalizado para Publicaciones Seriadas 1130-6491
040 ## - FUENTE DE LA CATALOGACIÓN
Centro catalogador de origen CDMR
Lengua de catalogación cat
Centro transcriptor CPC GIRONA
245 #3 - MENCIÓN DE TÍTULO
Título Voces y culturas
Mención de responsabilidad, etc. : revista de comunicación
260 ## - PUBLICACIÓN, DISTRIBUCIÓN, ETC. (PIE DE IMPRENTA)
Lugar de publicación, distribución, etc. Barcelona
Nombre del editor, distribuidor, etc. Voces y Culturas
Fecha de publicación, distribución, etc. 1990-2003
362 ## - FECHAS DE PUBLICACIÓN Y/O DESIGNACIÓN SECUENCIAL
Fecha de publicación y/o designación secuencial Núm. 1 (1990) - núm. 19 (febr. 2003)
650 04 - PUNTO DE ACCESO ADICIONAL DE MATERIA - TÉRMINO DE MATERIA
9 (RLIN) 3211
Término de materia o nombre geográfico como elemento inicial Comunicació i cultura
942 ## - ENTRADA DE ELEMENTOS AGREGADOS (KOHA)
Koha [por defecto] tipo de item Publicacions periòdiques
Fuente de clasificaión o esquema
Fons
Suprimido Perdido Estropeado No para préstamo Localización permanente Localización actual Fecha adquisición Serie de enumeración / cronología Fecha última consulta Fecha del precio de reemplazo Tipo de item de Koha
        Centre de Documentació Montserrat Roig Centre de Documentació Montserrat Roig 2013-01-16 Núm. 1 (1990) - núm. 19 (2003) 2013-06-28 2013-06-28 Publicacions periòdiques

Implantat amb Koha